00437cam a2200145Ia 4500020001500000020001800015040000800033082002600041245007200067260007500139300003300214650001600247650001100263650001700274 a9251055122 a9789251055120 cGUA a344 FOO 2006 A016 Or.04aThe right to food guidelines :binformation papers and case studies aRome :bFood and Agriculture Organization of the United Nations,c2006 avii, 219 p. :bill. ;c25 cm 0aFood supply 0aHunger 0aHuman rights